Teeth /

محفوظ في:

المؤلف الرئيسي: Hillson, Simon (مؤلف)

التنسيق: كتاب

اللغة: English

منشور في: Cambrdige : Cambridge University Press, 2005.

الطبعة: 2nd ed.

سلاسل: Cambrdige manuals in archaeology.

الموضوعات:

الوسوم: إضافة وسم

لا توجد وسوم, كن أول من يضع وسما على هذه التسجيلة!

رقم الطلب: CC79.5 .A5 H54 2005

LEADER 00896namaa2200313 4500
001 22061
003 OSt
005 20251026114159.0
008 130303s2005 enka b 001 0 eng d
010 |a 2005047094 
020 |a 9780521545495 
020 |a 0521545498 
040 |c ARCE Library 
050 4 |a CC79.5 .A5 H54 2005  |b   
100 1 |a Hillson, Simon,  |e author  |9 32074 
245 1 0 |a Teeth /  |c Simon Hillson. 
250 |a 2nd ed. 
264 1 |a Cambrdige :  |b Cambridge University Press,  |c 2005. 
300 |a xiv, 373 pages :   |b illustrations ;   |c 26 cm. 
490 0 |a Cambrdige manuals in archaeology. 
504 |a Includes bibliographical references (pages 323-363) and index. 
555 |a Sara.lib 
650 0 |a Animal remains (Archaeology) 
650 0 |a Teeth. 
650 0 |a Dentition.  |9 10662 
650 0 |a Teeth  |x Diseases. 
901 |a reviewed 
942 |c BK  |2 lcc 
999 |c 20667  |d 20667